| 000 | 00383nam a22001337a 4500 | ||
|---|---|---|---|
| 999 |
_c7504 _d7502 |
||
| 005 | 20210305100734.0 | ||
| 008 | 210305b ||||| |||| 00| 0 eng d | ||
| 082 | _a346.066 | ||
| 100 |
_aAIYAR, A.N. _96466 |
||
| 245 | _aREPORTS OF COMPANY CASES: INCLUDING CASES ON BANKING AND INSURENCE [VOL- I ] | ||
| 260 |
_aLAHORE _bTHE COMPANY CASES _c1931 |
||
| 650 |
_aLAW _95701 |
||
| 942 | _cJRL | ||